00926nam a2200193 a 450000100100000000500170001000800410002704000250006808200160009310000320010924500970014126000530023830000430029159000270033495201200036195201140048195201200059599900170071500004693920201002053228.0180409s2014 dr abc 000 0 spa d aDO-SdBNPbspacBNPHU axxxxbR436c1 aRestituyo, Nicolás97485510aCompendio histórico provincia Monseñor Nouel :bGestión 373-13 /cNicolás Restituyo. aSanto Domingo :bRevista (Listin Diario),c2014. a163 p. :bil., retrs., mapas ;c28 cm. aInventariado, 2020 /LP 0010718DSaGRbGRcHDd2018-04-09iLF1l0oxxxx R436cp46939-30r2020-06-25te. 3w2020-06-25yLFDSZNo se presta 0010718PDaPDbPDcHDd2018-04-09iLF1l0oxxxx R436cp46939-10r2020-06-25w2020-06-25yLFPDZNo se presta 0010718PDaPDbPDcHDd2018-04-09iLF1l0oxxxx R436cp46939-20r2020-06-25te. 2w2020-06-25yLFPDZNo se presta c46427d46427